Nationalism
Αποθηκεύτηκε σε:
| Κύριος συγγραφέας: | |
|---|---|
| Μορφή: | Βιβλίο |
| Γλώσσα: | English |
| Δημοσίευση: |
Minneapolis :
University of Minnesota Press,
c2001
|
| Σειρά: | Concepts in social thought
|
| Θέματα: | |
| Ετικέτες: |
Προσθήκη ετικέτας
Δεν υπάρχουν, Καταχωρήστε ετικέτα πρώτοι!
|
MARC
| LEADER | 00000cam a2200000 i 4500 | ||
|---|---|---|---|
| 001 | 1/62949 | ||
| 008 | 020416s2001 eng d | ||
| 020 | |a 0-8166-3121-2 | ||
| 035 | |l 10001128 | ||
| 040 | |a GR-MY-UA |b gre |e aacr | ||
| 041 | 0 | |a eng | |
| 082 | 0 | |a 320.54 | |
| 100 | 1 | |a Calhoun, Craig J., |d 1952- | |
| 245 | 1 | 0 | |a Nationalism / |c Craig Calhoun |
| 260 | |a Minneapolis : |b University of Minnesota Press, |c c2001 | ||
| 300 | |a x, 164 p.; |c 22 cm. | ||
| 490 | 1 | |a Concepts in social thought | |
| 504 | |a Includes bibliographical references and index | ||
| 650 | 0 | 0 | |a Nationalism. |
| 830 | 0 | |a Concepts in social thought | |
| 852 | |a INST |b LESVOS |e 20020416 |h 320.54 CAL |p 005100025311 |q 005100025311 |t BK |y 0 | ||
| 901 | |a BIBL1-2002-1 | ||
| 909 | |a Λ |b 102000 | ||
| 970 | |a ΤΖΑΦΕΡΗ |b ΕΥΑΓΓΕΛΙΑ |z 2002/04/15 | ||